Separation Theorems for Oriented Matroids

Na minha lista:
Detalhes bibliográficos
Autor principal: Bachem, Achim
Formato: Livro
Idioma:inglês
Publicado em: Bonn Rheinische Friedrich-Wilhelms-Universität 1985
Edição:1. ed.
Colecção:Report No.85.19
Tags: Adicionar Tag
Sem tags, seja o primeiro a adicionar uma tag!

MARC

LEADER 00000nam a2200000 4500
001 c029753
005 20221220080258.1
041 0 |a eng 
044 |a DE 
245 1 0 |a Separation Theorems for Oriented Matroids  |c Achim Bachem 
250 |a 1. ed. 
264 1 |a Bonn  |b Rheinische Friedrich-Wilhelms-Universität  |c 1985 
300 |a 8 s. 
490 1 |a Report  |v No.85.19 
830 0 |a Report  |v No.85.19 
100 1 |a Bachem, Achim